La tutela institución de protección de la infancia / (Registro nro. 173383)
[ vista simple ]
| 000 -LEADER | |
|---|---|
| fixed length control field | 01518nam a22003851i 4500 |
| 001 - CONTROL NUMBER | |
| control field | bslw10110376 |
| 003 - CONTROL NUMBER IDENTIFIER | |
| control field | UtOrBLW |
| 006 - FIXED-LENGTH DATA ELEMENTS--ADDITIONAL MATERIAL CHARACTERISTICS--GENERAL INFORMATION | |
| fixed length control field | m o d |
| 007 - PHYSICAL DESCRIPTION FIXED FIELD--GENERAL INFORMATION | |
| fixed length control field | cr un ---uuuua |
| 008 - FIXED-LENGTH DATA ELEMENTS--GENERAL INFORMATION | |
| fixed length control field | 231214s2023 ve ob 000 0 spa d |
| 020 ## - INTERNATIONAL STANDARD BOOK NUMBER | |
| International Standard Book Number | 9789807561204 |
| 035 ## - | |
| -- | 42751 |
| 040 ## - CATALOGING SOURCE | |
| Original cataloging agency | UtOrBLW |
| Language of cataloging | eng |
| Description conventions | rda |
| Transcribing agency | UtOrBLW |
| 043 ## - | |
| -- | s-ve--- |
| 050 #4 - | |
| -- | KHW530 |
| -- | .V37 2023 |
| 082 04 - | |
| -- | 346.018 |
| -- | 23 |
| 100 1# - MAIN ENTRY--PERSONAL NAME | |
| Personal name | Varela Cáceres, Edison Lucio, |
| Relator term | author. |
| 245 13 - TITLE STATEMENT | |
| Title | La tutela institución de protección de la infancia / |
| Statement of responsibility, etc | Edison Lucio Varela Cáceres ; prólogo, Ramón Alfredo Aguilar Camero ; epílogo, María Candelaria Domínguez Guillén. |
| 264 #1 - | |
| -- | Caracas : |
| -- | Revista Venezolana de Legislación y Jurisprudencia, C.A., |
| -- | 2023. |
| 300 ## - PHYSICAL DESCRIPTION | |
| Extent | 1 online resource (155 pages) |
| 336 ## - | |
| -- | text |
| -- | txt |
| -- | rdacontent |
| 337 ## - | |
| -- | computer |
| -- | c |
| -- | rdamedia |
| 338 ## - | |
| -- | online resource |
| -- | cr |
| -- | rdacarrier |
| 490 0# - SERIES STATEMENT | |
| Series statement | Colección Cátedra Dra. María Candelaria Domínguez Guillén ; |
| Volume number/sequential designation | n.o 4 |
| 504 ## - BIBLIOGRAPHY, ETC. NOTE | |
| Bibliography, etc | Includes bibliographical references. |
| 650 #0 - SUBJECT ADDED ENTRY--TOPICAL TERM | |
| Topical term or geographic name as entry element | Guardian and ward |
| Geographic subdivision | Venezuela. |
| 650 #0 - SUBJECT ADDED ENTRY--TOPICAL TERM | |
| Topical term or geographic name as entry element | Children |
| General subdivision | Legal status, laws, etc. |
| Geographic subdivision | Venezuela. |
| 700 1# - ADDED ENTRY--PERSONAL NAME | |
| Personal name | Aguilar Camero, Ramón Alfredo, |
| Relator term | writer of foreword. |
| 700 1# - ADDED ENTRY--PERSONAL NAME | |
| Personal name | Domínguez Guillén, María Candelaria, |
| Relator term | writer of afterword. |
| 856 40 - LOCALIZACIÓN Y ACCESO ELECTRÓNICO | |
| Identificador Uniforme del Recurso (URI/URL) | https://app.vlex.com/#/sources/42751 |
| 912 ## - | |
| -- | 1993 |
| -- | 12/14/2023 |
| -- | 10110376 |
| -- | cha |
| -- | OE |
| -- | 000000-1 |
| -- | 1993 |
| -- | 12/19/2023 |
| 911 ## - | |
| -- | Vlex |
| -- | Original |
| 942 ## - | |
| -- | RAA |
| 999 ## - | |
| -- | 173383 |
| -- | 173383 |
No hay ítems disponibles.